00369 a2200109 4500001001000000005001700010008004100027245005800068100001900126700002000145773009400165ART_2403520260410161933.0260409a 10aDilemas de Política Económica en América Latina1 aKatz, Jorge M.1 aBernat, Gonzalo0 tRevista de Economía Política de Buenos Airesg- Año 7, Nº 12 (mayo 2013)wREV23982